=LDR 00000nam 2200000 4500 =001 INLIS000000000037831 =005 20200805072041 =035 ##$$a 0010-061300000037831 =008 200805################g##########0#ind## =041 ##$$a Ind =082 ##$$a 2x6.1 =090 ##$$a 2x6.1, Yan s =100 1#$$a Yani, H. Ahmad =245 1#$$a Sepuluh dari seratus kisah seputar keluarga menarik, haru dan lucu, /$c Drs. H. Ahmad Yani; penyunting, Ivan Satria =260 ##$$a Jakarta :$b Al-qalam,$c 2010 =300 ##$$a 328 hlm, ; $c 12x18,3 cm =650 #4$$a Kisah =850 ##$$a NBPNMAT =020 ##$$a 978-979-9864-27-7 =084 ##$$a 2x6.1 YAN s =250 ##$$a cet.1 =990 ##$$a 21107550 =990 ##$$a 21107549 =990 ##$$a 21107551